00267nam a2200109Ia 4500008004100000100001600041245002400057260003200081650002000113942000700133999001700140190216s9999||||xx |||||||||||||| ||und|| aVijayan M N 0aChithayile Velicham bPoorna Pubs Kozhikodec2004 aEssay Malayalam cBK c25612d25612